| 000 | 00593pam a2200205 a 4500 | ||
|---|---|---|---|
| 001 | 671795 | ||
| 005 | 20260424141420.0 | ||
| 008 | 950803s1996 caua b 001 0 eng | ||
| 020 | _a0534254160 | ||
| 020 | _a9780534254162 | ||
| 050 | 0 | 0 |
_aQA76.575 _b.A93 1996 |
| 082 | 0 | 0 |
_a778.59 _220 |
| 100 | 1 | _aAzarmsa, Reza. | |
| 245 | 1 | 0 |
_aMultimedia : _binteractive video production / _cReza Azarmsa. |
| 260 |
_aBelmont, Calif. : _bIntegrated Media Group, _cc1996. |
||
| 300 |
_axii, 287 p. : _bill. ; _c23 cm. |
||
| 650 | 0 | _aMultimedia systems. | |
| 650 | 0 | _aInteractive videos. | |
| 942 |
_2lcc _cBK _n0 |
||
| 999 |
_c9632 _d9632 |
||